| 000 -LEADER |
| fixed length control field |
02251cam a2200385 a 4500 |
| 001 - CONTROL NUMBER |
| control field |
17461763 |
| 003 - CONTROL NUMBER IDENTIFIER |
| control field |
Nust- CAS-E |
| 005 - DATE AND TIME OF LATEST TRANSACTION |
| control field |
20180118181358.0 |
| 008 - FIXED-LENGTH DATA ELEMENTS--GENERAL INFORMATION |
| fixed length control field |
120913s2010 gw a b 001 0 eng c |
| 010 ## - LIBRARY OF CONGRESS CONTROL NUMBER |
| LC control number |
2012453303 |
| 015 ## - NATIONAL BIBLIOGRAPHY NUMBER |
| National bibliography number |
GBB002535 |
| Source |
bnb |
| 016 7# - NATIONAL BIBLIOGRAPHIC AGENCY CONTROL NUMBER |
| Record control number |
015455796 |
| Source |
Uk |
| 020 ## - INTERNATIONAL STANDARD BOOK NUMBER |
| International Standard Book Number |
9783527324071 |
| 020 ## - INTERNATIONAL STANDARD BOOK NUMBER |
| International Standard Book Number |
3527324070 |
| 035 ## - SYSTEM CONTROL NUMBER |
| System control number |
(OCoLC)ocn495599084 |
| 040 ## - CATALOGING SOURCE |
| Original cataloging agency |
UKM |
| Transcribing agency |
UKM |
| Modifying agency |
YDXCP |
| -- |
BTCTA |
| -- |
BWX |
| -- |
CDX |
| -- |
TXA |
| -- |
UPM |
| -- |
OHX |
| -- |
VRC |
| -- |
PMC |
| -- |
BDX |
| -- |
DLC |
| 042 ## - AUTHENTICATION CODE |
| Authentication code |
pcc |
| -- |
ukblcatcopy |
| 050 00 - LIBRARY OF CONGRESS CALL NUMBER |
| Classification number |
TK2945.L58 |
| Item number |
H544 2010 |
| 082 ## - DEWEY DECIMAL CLASSIFICATION NUMBER |
| Classification number |
621.31 |
| Author Mark |
HIG 2010 |
| 245 00 - TITLE STATEMENT |
| Title |
High energy density lithium batteries : |
| Remainder of title |
materials, engineering, applications / |
| Statement of responsibility, etc. |
edited by Katerina E. Aifantis, Stephen A. Hackney, and R. Vasant Kumar. |
| 260 ## - PUBLICATION, DISTRIBUTION, ETC. |
| Place of publication, distribution, etc. |
Weinheim : |
| Name of publisher, distributor, etc. |
Wiley-VCH, |
| Date of publication, distribution, etc. |
c2010. |
| 300 ## - PHYSICAL DESCRIPTION |
| Extent |
xvi, 265 p. : |
| Other physical details |
ill. (some col.) ; |
| Dimensions |
25 cm. |
| 504 ## - BIBLIOGRAPHY, ETC. NOTE |
| Bibliography, etc. note |
Includes bibliographical references and index. |
| 505 0# - FORMATTED CONTENTS NOTE |
| Formatted contents note |
Introduction to electrochemical cells / R. Vasant Kumar and Thapanee Sarakonsri -- Primary batteries / Thapanee Sarakonsir and R. Vasant Kumar -- A review of materials and chemistry for secondary batteries / R. Vasant Kumar and Thapanee Sarakonsri -- Current and potential applications of secondary Li batteries / Katerina E. Aifantis and Stephen A. Hackney -- Li-ion cathodes : materials engineering through chemistry / Stephen A. Hackney -- Next-generation anodes for secondary Li-ion batteries / Katerina E. Aifantis -- Next-generation electrolytes for Li batteries / Soo-Jin Park, Min-Kang Seo, and Seok Kim -- Mechanics of materials for Li-battery systems / Katerina E. Aifantis ... [et al.]. |
| 650 #0 - SUBJECT ADDED ENTRY--TOPICAL TERM |
| Topical term or geographic name entry element |
Lithium cells. |
| 700 1# - ADDED ENTRY--PERSONAL NAME |
| Personal name |
Aifantis, Katerina E. |
| 700 1# - ADDED ENTRY--PERSONAL NAME |
| Personal name |
Hackney, Stephen Andrew. |
| 700 1# - ADDED ENTRY--PERSONAL NAME |
| Personal name |
Kumar, R. Vasant. |
| 856 42 - ELECTRONIC LOCATION AND ACCESS |
| Materials specified |
Contributor biographical information |
| Uniform Resource Identifier |
<a href="http://www.loc.gov/catdir/enhancements/fy1215/2012453303-b.html">http://www.loc.gov/catdir/enhancements/fy1215/2012453303-b.html</a> |
| 856 42 - ELECTRONIC LOCATION AND ACCESS |
| Materials specified |
Publisher description |
| Uniform Resource Identifier |
<a href="http://www.loc.gov/catdir/enhancements/fy1215/2012453303-d.html">http://www.loc.gov/catdir/enhancements/fy1215/2012453303-d.html</a> |
| 856 41 - ELECTRONIC LOCATION AND ACCESS |
| Materials specified |
Table of contents only |
| Uniform Resource Identifier |
<a href="http://www.loc.gov/catdir/enhancements/fy1215/2012453303-t.html">http://www.loc.gov/catdir/enhancements/fy1215/2012453303-t.html</a> |
| 906 ## - LOCAL DATA ELEMENT F, LDF (RLIN) |
| a |
7 |
| b |
cbc |
| c |
pccadap |
| d |
2 |
| e |
ncip |
| f |
20 |
| g |
y-gencatlg |
| 942 ## - ADDED ENTRY ELEMENTS (KOHA) |
| Source of classification or shelving scheme |
|
| Koha item type |
Book |